000 00795nac a22002417a 4500
001 BR6002103
003 BR-BrBNA
005 20240521124720.0
008 230509b bl.|||m| |||| 00| 0 por d
040 _aBR-BrBNA
_bpor
072 _aC00; E50
090 _aC00
_bBR6002103
110 1 _aAssociação de Crédito e Assistência Rural do Estado do Rio de Janeiro /
_9497
245 1 _aRelatório de atividades 1969 /
260 3 _aNiteroi, RJ (Brasil):
_c[nd].
300 _a60 p.
490 _aRelatorio - Associacao de Credito e Assistencia Rural do Estado do Rio de Janeiro (Brazil)
500 _aPublished after 1970; 34 illus.
650 _aASSISTENCIA TECNICA
650 _aRIO DE JANEIRO
909 _a05/2024
_bSARAH
942 _cMS
999 _c261501
_d261501